| 000 | 00541nam a2200217Ia 4500 | ||
|---|---|---|---|
| 003 | OSt | ||
| 005 | 20220928144904.0 | ||
| 006 | a|||||r|||| 00| 0 | ||
| 007 | ta | ||
| 008 | 220927b |||||||| |||| 00| 0 eng d | ||
| 024 | _a76648 | ||
| 037 | _cTextual | ||
| 040 |
_aSDCL _cSDCL _beng |
||
| 041 |
_2eng _aeng |
||
| 082 | _aY:356.73'N4, M0 | ||
| 100 |
_aBanks Ann Ed. _9510137 |
||
| 245 | 0 | _aFirst - person America. | |
| 260 | _c1980 | ||
| 942 |
_hY:356.73'N4, M0 _cTEXL _2CC |
||
| 999 |
_c830175 _d830175 |
||